[Event "County-ch Final"]
[Site "Egham"]
[Date "2023.07.01"]
[Round "1.7"]
[White "Mogilarov, Dimitar"]
[Black "Briscoe, Christopher"]
[Result "0-1"]
[WhiteElo "2097"]
[BlackElo "2192"]
[PlyCount "96"]
[EventDate "2023.07.01"]
[EventType "team-match"]
[EventRounds "1"]
[EventCountry "ENG"]
[SourceTitle "CBM 215 Extra"]
[Source "ChessBase"]
[SourceDate "2023.09.30"]
[SourceVersion "1"]
[SourceVersionDate "2023.09.30"]
[SourceQuality "1"]
[WhiteTeam "Middlesex"]
[BlackTeam "Surrey"]
[WhiteTeamCountry "ENG"]
[BlackTeamCountry "ENG"]

1. e4 c5 2. Nc3 e6 3. f4 d5 4. exd5 exd5 5. Bb5+ Nc6 6. Qe2+ Be7 7. Bxc6+ bxc6 8. Nf3 Nf6 9. 0-0 0-0 10. d3 Re8 11. Ne5 Qc7 12. Na4 Bd6 13. Qf2 d4 14. b3 Ng4 15. Nxg4 Bxg4 16. Ba3 Re2 17. Qg3 Bf5 18. Bxc5 Bxc5 19. Nxc5 Rxc2 20. b4 Re8 21. Rfe1 Rxe1+ 22. Rxe1 h6 23. a3 a5 24. h3 axb4 25. axb4 Qb8 26. Re5 Qxb4 27. Rxf5 Rxc5 28. Rxc5 Qxc5 29. Qe1 g6 30. g3 h5 31. h4 Kf8 32. Qe2 Kg7 33. Kf2 Qd5 34. Qb2 Kf6 35. Qc2 Kf5 36. Qe2 Qe6 37. Qc2 Qd5 38. Qe2 Qh1 39. g4+ Kxf4 40. Qd2+ Ke5 41. Qg5+ Ke6 42. gxh5 Qh2+ 43. Kf3 Qh3+ 44. Kf2 Qe3+ 45. Qxe3+ dxe3+ 46. Kxe3 gxh5 47. Kf4 c5 48. Kg5 f5 0-1

[Event "BCF-chT3Sb 1920 (4NCL)"]
[Site "England"]
[Date "2020.01.12"]
[Round "4.81"]
[White "Tanmay, Chopra"]
[Black "Mogilarov, Dimitar"]
[Result "1-0"]
[WhiteElo "2186"]
[BlackElo "2110"]
[PlyCount "95"]
[EventDate "2019.11.09"]
[EventType "team-tourn"]
[EventRounds "11"]
[EventCountry "ENG"]
[SourceTitle "EXT 2023"]
[Source "ChessBase"]
[SourceDate "2022.10.05"]
[SourceVersion "1"]
[SourceVersionDate "2022.10.05"]
[SourceQuality "1"]
[WhiteTeam "Cambridge University II"]
[BlackTeam "Fermented Sharks"]
[WhiteTeamCountry "ENG"]
[BlackTeamCountry "ENG"]

1. Nf3 Nf6 2. c4 g6 3. Nc3 Bg7 4. e4 c5 5. d4 cxd4 6. Nxd4 Nc6 7. Be3 Ng4 8. Qxg4 Nxd4 9. Qd1 e5 10. h4 h6 11. Qd2 d6 12. Ne2 Be6 13. Nxd4 exd4 14. Bxd4 Bxd4 15. Qxd4 Qa5+ 16. Qd2 Qe5 17. 0-0-0 Rc8 18. f4 Qxe4 19. Qxd6 Bg4 20. Qd4 Qxd4 21. Rxd4 0-0 22. Bd3 b5 23. Kd2 bxc4 24. Bxc4 Rcd8 25. Rxd8 Rxd8+ 26. Kc3 Re8 27. Rf1 Re3+ 28. Kd4 Rg3 29. Bd5 Bf5 30. Rc1 Rd3+ 31. Kc5 Rd2 32. b4 Be6 33. Bxe6 fxe6 34. a4 Rxg2 35. Kd6 Rb2 36. b5 Rb4 37. Rc8+ Kf7 38. Rc7+ Kf6 39. Rxa7 Rxf4 40. b6 Rb4 41. Kc5 Rb2 42. Rh7 e5 43. a5 e4 44. Kd4 Kf5 45. b7 Rb4+ 46. Kc3 Rb5 47. a6 e3 48. Kd3 1-0

[Event "BCF-chT3S 1718 (4NCL) Demotion pool"]
[Site "England"]
[Date "2018.03.25"]
[Round "8.84"]
[White "Hughes, Anthony"]
[Black "Mogilarov, Dimitar"]
[Result "1-0"]
[WhiteElo "1827"]
[BlackElo "2135"]
[PlyCount "59"]
[EventDate "2017.11.11"]
[EventType "team-tourn"]
[EventRounds "11"]
[EventCountry "ENG"]
[SourceTitle "EXT 2020"]
[Source "ChessBase"]
[SourceDate "2019.10.17"]
[SourceVersion "1"]
[SourceVersionDate "2019.10.17"]
[SourceQuality "1"]
[WhiteTeam "The Full Ponty"]
[BlackTeam "Fermented Sharks"]
[WhiteTeamCountry "WLS"]
[BlackTeamCountry "ENG"]

1. d4 Nf6 2. Nf3 g6 3. g3 Bg7 4. Bg2 d5 5. 0-0 Nc6 6. c4 0-0 7. cxd5 Nxd5 8. e4 Nb6 9. d5 Na5 10. Qe1 Nac4 11. Nc3 c6 12. b3 cxd5 13. bxc4 dxe4 14. Ng5 f5 15. Bb2 Nxc4 16. Rd1 Qa5 17. Rd5 Qb4 18. Rb5 Qd6 19. Ncxe4 fxe4 20. Bxg7 Kxg7 21. Qc3+ Qf6 22. Qxc4 a6 23. Rc5 b6 24. Nxe4 Qf7 25. Qc3+ Kg8 26. Rc7 Rb8 27. Ng5 Qg7 28. Bd5+ Kh8 29. Rxe7 Qxc3 30. Rxh7# 1-0

[Event "BCF-chT3Sb 1718 (4NCL)"]
[Site "England"]
[Date "2018.03.24"]
[Round "7.63"]
[White "Mogilarov, Dimitar"]
[Black "Eckert, Jonathan"]
[Result "1-0"]
[WhiteElo "2135"]
[BlackElo "1645"]
[PlyCount "143"]
[EventDate "2017.11.11"]
[EventType "team-tourn"]
[EventRounds "11"]
[EventCountry "ENG"]
[SourceTitle "EXT 2020"]
[Source "ChessBase"]
[SourceDate "2019.10.17"]
[SourceVersion "1"]
[SourceVersionDate "2019.10.17"]
[SourceQuality "1"]
[WhiteTeam "Fermented Sharks"]
[BlackTeam "West is Best III"]
[WhiteTeamCountry "ENG"]
[BlackTeamCountry "WLS"]

1. e4 e5 2. Nf3 Nc6 3. d4 exd4 4. Bc4 Nf6 5. e5 d5 6. Bb5 Ne4 7. Nxd4 Bd7 8. Bxc6 bxc6 9. 0-0 Bc5 10. f3 Ng5 11. f4 Ne4 12. Be3 Qe7 13. Nd2 f5 14. Nxe4 fxe4 15. Qd2 0-0 16. Nb3 Bb6 17. Qc3 Kh8 18. Bc5 Qe6 19. a4 g5 20. a5 Rxf4 21. Qd4 Re8 22. axb6 axb6 23. Rxf4 gxf4 24. Rf1 f3 25. gxf3 exf3 26. Rxf3 bxc5 27. Nxc5 Qg4+ 28. Qxg4 Bxg4 29. Re3 Be6 30. Kf2 Kg7 31. c3 Rf8+ 32. Rf3 Bg4 33. Rxf8 Kxf8 34. Ke3 Ke7 35. Kd4 Bc8 36. b4 h6 37. b5 cxb5 38. Kxd5 Bh3 39. Kc6 Kd8 40. Kxb5 Bg2 41. Kc4 Ke7 42. Kd4 Bf3 43. Ke3 Bg2 44. Kf4 Kf7 45. h4 Kg6 46. Ne6 c6 47. Nd8 Bd5 48. Kg4 h5+ 49. Kf4 c5 50. c4 Bxc4 51. Nb7 Bd5 52. Nxc5 Bg2 53. Ne4 Bh3 54. Nd6 Bg2 55. Ke3 Kg7 56. Kd4 Kf8 57. e6 Ke7 58. Ke5 Bh3 59. Nc8+ Kd8 60. Nb6 Ke7 61. Nd5+ Kf8 62. Kd6 Bxe6 63. Kxe6 Kg7 64. Kf5 Kh6 65. Kf6 Kh7 66. Kg5 Kg7 67. Kxh5 Kh7 68. Ne3 Kg7 69. Kg5 Kh7 70. Nf5 Kh8 71. Kg6 Kg8 72. Nh6+ 1-0

[Event "London Classic op 7th"]
[Site "London"]
[Date "2015.12.11"]
[Round "9"]
[White "Mogilarov, Dimitar"]
[Black "Roque Sola, Jose Luis"]
[Result "1-0"]
[WhiteElo "2168"]
[BlackElo "1992"]
[PlyCount "57"]
[EventDate "2015.12.04"]
[EventType "swiss"]
[EventRounds "9"]
[EventCountry "ENG"]
[SourceTitle "CBM 169 Extra"]
[Source "ChessBase"]
[SourceDate "2015.12.18"]
[SourceVersion "1"]
[SourceVersionDate "2015.12.18"]
[SourceQuality "1"]

1. e4 e6 2. d3 d5 3. Nd2 Nf6 4. Ngf3 c5 5. g3 Nc6 6. Bg2 Be7 7. 0-0 0-0 8. e5 Nd7 9. Re1 Qc7 10. Qe2 b6 11. Nf1 Ba6 12. Bf4 Rac8 13. h4 Rfe8 14. N1h2 Qb7 15. Ng5 Bxg5 16. hxg5 c4 17. Qh5 Nf8 18. Ng4 cxd3 19. Nf6+ Kh8 20. c3 gxf6 21. gxf6 Ng6 22. Bd2 Rg8 23. Bf3 Qc7 24. Kg2 Nf8 25. Bg4 d4 26. Rh1 Qxe5 27. Qxh7+ Nxh7 28. Rxh7+ Kxh7 29. Rh1+ 1-0

[Event "London Classic op 7th"]
[Site "London"]
[Date "2015.12.10"]
[Round "8"]
[White "Iyengar, Ilya"]
[Black "Mogilarov, Dimitar"]
[Result "0-1"]
[WhiteElo "2023"]
[BlackElo "2168"]
[PlyCount "72"]
[EventDate "2015.12.04"]
[EventType "swiss"]
[EventRounds "9"]
[EventCountry "ENG"]
[SourceTitle "CBM 169 Extra"]
[Source "ChessBase"]
[SourceDate "2015.12.18"]
[SourceVersion "1"]
[SourceVersionDate "2015.12.18"]
[SourceQuality "1"]

1. d4 Nf6 2. Nf3 g6 3. g3 Bg7 4. Bg2 0-0 5. c4 d5 6. cxd5 Nxd5 7. 0-0 Nc6 8. e4 Nb6 9. d5 Na5 10. Nc3 c6 11. Nd2 Bxc3 12. bxc3 cxd5 13. exd5 Nxd5 14. c4 Nc3 15. Qf3 Qd4 16. Nb3 Nxb3 17. axb3 Bg4 18. Qxb7 Ne2+ 19. Kh1 Qxa1 20. Bh6 Qf6 21. Bxf8 Rxf8 22. Qxa7 Bf3 23. Qe3 Nd4 24. Rc1 Qc6 25. Bxf3 Nxf3 26. Kg2 Nh4+ 27. Kf1 Nf5 28. Qd2 Qh1+ 29. Ke2 Qxh2 30. Rc3 e5 31. Kd1 Nd4 32. Kc1 Qg1+ 33. Kb2 Ra8 34. Rc1 Qg2 35. c5 Qb7 36. Qd3 Qb4 0-1

[Event "London Classic op 7th"]
[Site "London"]
[Date "2015.12.04"]
[Round "1"]
[White "Mogilarov, Dimitar"]
[Black "Hung, Jake"]
[Result "0-1"]
[WhiteElo "2168"]
[BlackElo "1640"]
[PlyCount "92"]
[EventDate "2015.12.04"]
[EventType "swiss"]
[EventRounds "9"]
[EventCountry "ENG"]
[SourceTitle "CBM 169 Extra"]
[Source "ChessBase"]
[SourceDate "2015.12.18"]
[SourceVersion "1"]
[SourceVersionDate "2015.12.18"]
[SourceQuality "1"]

1. e4 c6 2. d4 d5 3. exd5 cxd5 4. c4 Nf6 5. Nf3 e6 6. Nc3 Nc6 7. a3 a6 8. c5 Be7 9. Na4 Nd7 10. b4 0-0 11. Bd3 e5 12. dxe5 Ndxe5 13. Nxe5 Nxe5 14. Nb6 Nxd3+ 15. Qxd3 Bf6 16. Ra2 Re8+ 17. Re2 Rxe2+ 18. Qxe2 Ra7 19. Nxd5 Bd7 20. Nxf6+ Qxf6 21. Bb2 Qg6 22. 0-0 Ra8 23. f4 Bb5 24. Qe5 Bxf1 25. Kxf1 Rd8 26. f5 Qh6 27. Bd4 Qc1+ 28. Ke2 Qc2+ 29. Kf3 Qd3+ 30. Be3 Qd5+ 31. Qxd5 Rxd5 32. Ke4 Rd1 33. a4 Kf8 34. b5 Ke7 35. Bd4 f6 36. c6 bxc6 37. bxa6 Re1+ 38. Kd3 Kd6 39. a7 Re8 40. Bf2 Kc7 41. g4 Kb7 42. h4 Re5 43. Bd4 Ra5 44. g5 fxg5 45. Ke4 gxh4 46. Bxg7 h3 0-1

[Event "EU-ch 13th"]
[Site "Plovdiv"]
[Date "2012.03.29"]
[Round "9"]
[White "Voiteanu, Christian Gabriel"]
[Black "Mogilarov, Dimitar"]
[Result "1-0"]
[WhiteElo "2275"]
[BlackElo "2147"]
[PlyCount "67"]
[EventDate "2012.03.20"]
[EventType "swiss"]
[EventRounds "11"]
[EventCountry "BUL"]
[SourceTitle "CBM 148"]
[Source "ChessBase"]
[SourceDate "2012.05.16"]
[SourceVersion "1"]
[SourceVersionDate "2012.05.16"]
[SourceQuality "1"]

1. d4 Nf6 2. c4 c5 3. d5 e6 4. Nc3 exd5 5. cxd5 d6 6. Nf3 g6 7. g3 Bg7 8. Bg2 0-0 9. 0-0 Qa5 10. Bf4 Rd8 11. a4 Nh5 12. Bg5 Re8 13. Nb5 Bf8 14. Nd2 f6 15. Nc4 Qd8 16. Bd2 b6 17. a5 Ba6 18. axb6 axb6 19. g4 Bxb5 20. Rxa8 Bxc4 21. gxh5 Bxe2 22. Qc2 Bxf1 23. Bxf1 gxh5 24. Bc3 Qd7 25. f3 Qf7 26. Bb5 Rd8 27. Qf5 Bg7 28. Bd3 Bh8 29. Qe6 Qxe6 30. dxe6 Kf8 31. Ra7 Nc6 32. Rf7+ Ke8 33. Bb5 Rc8 34. Rxh7 1-0

[Event "EU-ch 13th"]
[Site "Plovdiv"]
[Date "2012.03.28"]
[Round "8"]
[White "Dobre, Claudiu Cristian"]
[Black "Mogilarov, Dimitar"]
[Result "1-0"]
[WhiteElo "2334"]
[BlackElo "2147"]
[PlyCount "75"]
[EventDate "2012.03.20"]
[EventType "swiss"]
[EventRounds "11"]
[EventCountry "BUL"]
[SourceTitle "CBM 148"]
[Source "ChessBase"]
[SourceDate "2012.05.16"]
[SourceVersion "1"]
[SourceVersionDate "2012.05.16"]
[SourceQuality "1"]

1. Nf3 Nf6 2. b3 d5 3. Bb2 c5 4. e3 Nc6 5. Be2 Qc7 6. d4 cxd4 7. Nxd4 e5 8. Nxc6 bxc6 9. 0-0 Bd6 10. c4 0-0 11. cxd5 cxd5 12. Nc3 Qa5 13. Nb5 Bb8 14. Ba3 Re8 15. Bd6 Be6 16. Rc1 Ne4 17. b4 Qxa2 18. Rc2 Qb3 19. Rc8 Rxc8 20. Qxb3 Nxd6 21. Qa4 Nxb5 22. Bxb5 Bd6 23. Bc6 Rab8 24. b5 Bc5 25. Rc1 Bb6 26. Qa3 Rd8 27. Rd1 d4 28. exd4 Bxd4 29. Qf3 Rd6 30. h3 Rbd8 31. Kh2 f5 32. Qa3 e4 33. g3 g5 34. Rxd4 Rxd4 35. Qe7 Bf7 36. Qxg5+ Bg6 37. h4 Rd2 38. Kh3 1-0

[Event "EU-ch 13th"]
[Site "Plovdiv"]
[Date "2012.03.25"]
[Round "6"]
[White "Schroll, Gerhard"]
[Black "Mogilarov, Dimitar"]
[Result "1/2-1/2"]
[WhiteElo "2388"]
[BlackElo "2147"]
[PlyCount "135"]
[EventDate "2012.03.20"]
[EventType "swiss"]
[EventRounds "11"]
[EventCountry "BUL"]
[SourceTitle "CBM 148"]
[Source "ChessBase"]
[SourceDate "2012.05.16"]
[SourceVersion "1"]
[SourceVersionDate "2012.05.16"]
[SourceQuality "1"]

1. d4 Nf6 2. c4 c5 3. d5 e6 4. Nc3 exd5 5. cxd5 d6 6. Nf3 g6 7. Bf4 Bg7 8. e3 0-0 9. Be2 h6 10. h3 a6 11. a4 Qe7 12. Nd2 Nbd7 13. Nc4 Ne8 14. a5 Rb8 15. 0-0 f5 16. Na4 g5 17. Bh2 f4 18. exf4 gxf4 19. Re1 Ne5 20. Nab6 Qg5 21. Nxe5 Bxe5 22. Bg4 Bxg4 23. Qxg4 Qxg4 24. hxg4 Nf6 25. Nc4 Nxg4 26. Nxe5 dxe5 27. Re4 Rf5 28. f3 Ne3 29. g3 Nxd5 30. Rae1 Rg5 31. Rxe5 Kf7 32. Rxg5 hxg5 33. Re5 Nb4 34. Rxc5 Nd3 35. Rd5 Nxb2 36. gxf4 gxf4 37. Bxf4 Rg8+ 38. Kf2 Nc4 39. Rc5 b5 40. axb6 Nxb6 41. Rc7+ Ke6 42. Rc6+ Kf5 43. Bg3 Nd5 44. Rxa6 Rc8 45. Bd6 Rc2+ 46. Kg3 Ne3 47. Ra5+ Kg6 48. Bc5 Rg2+ 49. Kf4 Nd5+ 50. Ke4 Nf6+ 51. Kd4 Rd2+ 52. Kc4 Rd5 53. Ra3 Kf5 54. Bd4 Rd6 55. Ra5+ Kg6 56. Be5 Re6 57. Kd4 Nd7 58. Bg3 Nf6 59. f4 Re4+ 60. Kd3 Rb4 61. f5+ Kg5 62. Be1 Rb3+ 63. Ke2 Ne4 64. Kd1 Rf3 65. Re5 Nc3+ 66. Kc2 Rxf5 67. Bxc3 Rxe5 68. Bxe5 1/2-1/2

[Event "EU-ch 13th"]
[Site "Plovdiv"]
[Date "2012.03.22"]
[Round "3"]
[White "Mogilarov, Dimitar"]
[Black "Raznikov, Danny"]
[Result "1-0"]
[WhiteElo "2147"]
[BlackElo "2436"]
[PlyCount "114"]
[EventDate "2012.03.20"]
[EventType "swiss"]
[EventRounds "11"]
[EventCountry "BUL"]
[SourceTitle "CBM 148"]
[Source "ChessBase"]
[SourceDate "2012.05.16"]
[SourceVersion "1"]
[SourceVersionDate "2012.05.16"]
[SourceQuality "1"]

1. e4 c5 2. c3 d5 3. exd5 Qxd5 4. d4 g6 5. Nf3 Bg7 6. Na3 cxd4 7. cxd4 Nh6 8. Bc4 Qd8 9. 0-0 0-0 10. Bf4 Nc6 11. d5 Na5 12. Be2 b6 13. Nb5 a6 14. Nc7 Ra7 15. b4 Bxa1 16. bxa5 Rxc7 17. Bxc7 Qxc7 18. axb6 Qxb6 19. Qxa1 Nf5 20. Ne5 Nd4 21. Bd3 f6 22. Nc4 Qc5 23. Rc1 Qa7 24. Na5 Rd8 25. Bc4 Kg7 26. Rd1 Qc5 27. Qxd4 Qxa5 28. Qa7 Rd7 29. Qa8 Bb7 30. Qe8 Qd8 31. Qxd8 Rxd8 32. Kf1 Rd6 33. Ke2 Rb6 34. Rd2 Kf8 35. Ke3 Ke8 36. Kd4 Kd7 37. Kc5 Rd6 38. Rb2 Kc7 39. a4 Bc8 40. a5 Rd8 41. f4 Rd6 42. h4 Bd7 43. Rb6 Rxb6 44. axb6+ Kb7 45. Be2 Bc8 46. Bf3 Kb8 47. g4 Bb7 48. g5 f5 49. Bd1 a5 50. Bc2 Bc8 51. Kb5 Bb7 52. Bb3 Kc8 53. Kxa5 Kd7 54. Ba4+ Kd6 55. Bc6 Bc8 56. b7 Bxb7 57. Bxb7 Kc5 1-0

[Event "BUL-ch sf 76th"]
[Site "Plovdiv"]
[Date "2012.02.11"]
[Round "8"]
[White "Yordanova, Svetla"]
[Black "Mogilarov, Dimitar"]
[Result "0-1"]
[WhiteElo "2143"]
[BlackElo "2189"]
[PlyCount "178"]
[EventDate "2012.02.06"]
[EventType "swiss"]
[EventRounds "9"]
[EventCountry "BUL"]
[SourceTitle "CBM 146 Extra"]
[Source "ChessBase"]
[SourceDate "2012.02.29"]
[SourceVersion "1"]
[SourceVersionDate "2012.02.29"]
[SourceQuality "1"]

1. e4 e5 2. Nf3 Nc6 3. Bb5 a6 4. Ba4 Nf6 5. 0-0 Be7 6. Re1 b5 7. Bb3 0-0 8. a4 Bb7 9. c3 d5 10. axb5 axb5 11. Rxa8 Bxa8 12. exd5 Nxd5 13. d4 exd4 14. Nxd4 Nxd4 15. Qxd4 c5 16. Qg4 f5 17. Qh3 c4 18. Bc2 Bc5 19. Rf1 Qf6 20. Bd2 h6 21. Qh5 g5 22. Kh1 Rf7 23. Qh3 Bc6 24. Be3 g4 25. Qg3 h5 26. Bxf5 Bd6 27. Bg5 Bxg3 28. Bxf6 Rxf6 29. fxg3 Ne3 30. Bh7+ Kg7 31. Rxf6 Kxf6 32. Nd2 Nd1 33. b3 cxb3 34. Nxb3 Nxc3 35. Nd4 Bd5 36. Kg1 b4 37. Nc2 b3 38. Na3 b2 39. Kf2 Ba2 40. Ke3 b1Q 41. Nxb1 Bxb1 42. Bg8 Bf5 43. Bc4 Ne4 44. Bd5 Ng5 45. Bc6 Bg6 46. Bd7 Nf7 47. Bc6 Bf5 48. Bd5 Be6 49. Be4 Ne5 50. Kf4 Ng6+ 51. Ke3 Bf5 52. Bc6 Ke5 53. Be8 Be4 54. h3 Bf5 55. hxg4 hxg4 56. Bb5 Ne7 57. Ba4 Nd5+ 58. Kf2 Nf6 59. Bb5 Ne4+ 60. Ke3 Nxg3 61. Ba6 Be4 62. Kf2 Kf4 63. Bc8 Nf5 64. g3+ Nxg3 65. Bxg4 Kxg4 66. Ke3 Kf5 67. Kd4 Ke6 68. Kc5 Ke5 69. Kc4 Ne2 70. Kb3 Kd4 71. Kb4 Bd5 72. Kb5 Nf4 73. Kb6 Ne6 74. Kb5 Kc3 75. Ka4 Kb2 76. Ka5 Kb3 77. Kb5 Be4 78. Ka5 Bc6 79. Kb6 Bd7 80. Ka5 Ka3 81. Ka6 Kb4 82. Kb6 Bb5 83. Ka7 Ka5 84. Kb7 Bd7 85. Ka7 Bc8 86. Kb8 Ba6 87. Ka7 Kb5 88. Ka8 Kb6 89. Kb8 Nd4 0-1

[Event "BUL-ch sf 76th"]
[Site "Plovdiv"]
[Date "2012.02.07"]
[Round "3"]
[White "Mogilarov, Dimitar"]
[Black "Pantev, Tsvetelin"]
[Result "0-1"]
[WhiteElo "2189"]
[BlackElo "1863"]
[PlyCount "80"]
[EventDate "2012.02.06"]
[EventType "swiss"]
[EventRounds "9"]
[EventCountry "BUL"]
[SourceTitle "CBM 146 Extra"]
[Source "ChessBase"]
[SourceDate "2012.02.29"]
[SourceVersion "1"]
[SourceVersionDate "2012.02.29"]
[SourceQuality "1"]

1. e4 c6 2. d4 d5 3. exd5 cxd5 4. c4 Nf6 5. Nf3 Nc6 6. Nc3 Bg4 7. cxd5 Nxd5 8. Qb3 Bxf3 9. gxf3 e6 10. Qxb7 Nxd4 11. Bb5+ Nxb5 12. Qc6+ Ke7 13. Qxb5 Qd7 14. Nxd5+ Qxd5 15. Qxd5 exd5 16. Be3 Ke6 17. 0-0-0 Bb4 18. a3 Rhc8+ 19. Kb1 Bc5 20. Rhe1 Bxe3 21. fxe3 Rc4 22. Re2 Rac8 23. Red2 R8c5 24. Rd3 g5 25. b3 Rc3 26. b4 R5c4 27. Kb2 Rxd3 28. Rxd3 Rh4 29. Rd2 Ke5 30. Kc2 f5 31. Kd3 Rh3 32. Rf2 h6 33. a4 Rh4 34. f4+ Ke6 35. b5 gxf4 36. exf4 Rh3+ 37. Kd4 Ra3 38. Re2+ Kd6 39. Re5 Rxa4+ 40. Ke3 Re4+ 0-1

[Event "BUL-ch sf 76th"]
[Site "Plovdiv"]
[Date "2012.02.07"]
[Round "2"]
[White "Slavov, Hristo"]
[Black "Mogilarov, Dimitar"]
[Result "1-0"]
[WhiteElo "1791"]
[BlackElo "2189"]
[PlyCount "75"]
[EventDate "2012.02.06"]
[EventType "swiss"]
[EventRounds "9"]
[EventCountry "BUL"]
[SourceTitle "CBM 146 Extra"]
[Source "ChessBase"]
[SourceDate "2012.02.29"]
[SourceVersion "1"]
[SourceVersionDate "2012.02.29"]
[SourceQuality "1"]

1. e4 c5 2. Nf3 d6 3. c3 Nf6 4. Bd3 Nc6 5. 0-0 Bg4 6. h3 Bh5 7. Bc2 e6 8. d4 cxd4 9. cxd4 Bxf3 10. gxf3 Be7 11. Nc3 0-0 12. Be3 Nh5 13. f4 g6 14. Qg4 f5 15. exf5 exf5 16. Qg2 Bf6 17. Bxf5 Kh8 18. Bg4 Nxd4 19. Rad1 Nf5 20. Qd5 Bg7 21. Ne4 Qh4 22. Nxd6 Nxd6 23. Qxd6 Nf6 24. Be6 Rae8 25. Bd4 Nh5 26. Bxg7+ Nxg7 27. Bd7 Rd8 28. Rd4 Rf7 29. Qc7 Qf6 30. Rd6 Qe7 31. Rfd1 Rxf4 32. Qxb7 Qe2 33. R6d2 Qe5 34. Rd5 Qf6 35. R1d2 Qf7 36. Qxa7 Nf5 37. Bxf5 Qxa7 38. Rxd8+ 1-0

[Event "BUL-ch sf 76th"]
[Site "Plovdiv"]
[Date "2012.02.06"]
[Round "1"]
[White "Mogilarov, Dimitar"]
[Black "Janev, Evgeni"]
[Result "1/2-1/2"]
[WhiteElo "2189"]
[BlackElo "2503"]
[PlyCount "115"]
[EventDate "2012.02.06"]
[EventType "swiss"]
[EventRounds "9"]
[EventCountry "BUL"]
[SourceTitle "CBM 146 Extra"]
[Source "ChessBase"]
[SourceDate "2012.02.29"]
[SourceVersion "1"]
[SourceVersionDate "2012.02.29"]
[SourceQuality "1"]

1. e4 Nf6 2. Nc3 e5 3. f4 d5 4. fxe5 Nxe4 5. Nf3 Be6 6. a3 Nxc3 7. bxc3 Be7 8. d4 c5 9. Bd3 Nc6 10. 0-0 h6 11. Rb1 c4 12. Be2 Qd7 13. Qe1 0-0-0 14. Bf4 Kb8 15. Bg3 Ka8 16. Qf2 g5 17. h4 Rdg8 18. Nd2 Bd8 19. Bf3 g4 20. Be2 Ne7 21. Bf4 Ba5 22. Rfd1 Bxc3 23. Nf1 Qa4 24. Qe3 Ba5 25. Qc1 Nf5 26. Qb2 Bb6 27. c3 Nxh4 28. Ne3 Nf5 29. Rd2 Nxe3 30. Bxe3 h5 31. Bd1 Qa6 32. Bc2 h4 33. Rf2 g3 34. Rf3 h3 35. Bf4 hxg2 36. Bxg3 Rh1+ 37. Kxg2 Rxb1 38. Qxb1 Qxa3 39. Kf2 Bg4 40. Re3 Bd8 41. Bf4 Bh4+ 42. Kf1 Qa6 43. Bf5 Bxf5 44. Qxf5 Qa2 45. Bg3 Bxg3 46. Rxg3 Qa1+ 47. Ke2 Qb2+ 48. Kd1 Rh8 49. Qh7 Rb8 50. Qxf7 Qb5 51. Rg8 a5 52. Rxb8+ Kxb8 53. e6 Qb1+ 54. Ke2 Qc2+ 55. Kf1 Qd1+ 56. Kf2 Qd2+ 57. Kf1 Qd1+ 58. Kf2 1/2-1/2

[Event "Plovdiv Tringov Memorial 34th"]
[Site "Plovdiv"]
[Date "2012.02.03"]
[Round "7"]
[White "Bratanov, Zsivko"]
[Black "Mogilarov, Dimitar"]
[Result "1-0"]
[WhiteElo "2459"]
[BlackElo "2189"]
[PlyCount "93"]
[EventDate "2012.01.29"]
[EventType "swiss"]
[EventRounds "9"]
[EventCountry "BUL"]
[SourceTitle "CBM 146 Extra"]
[Source "ChessBase"]
[SourceDate "2012.02.29"]
[SourceVersion "1"]
[SourceVersionDate "2012.02.29"]
[SourceQuality "1"]

1. d4 Nf6 2. Nf3 g6 3. Bg5 Bg7 4. Nbd2 c5 5. e3 cxd4 6. exd4 d6 7. Bd3 0-0 8. 0-0 Nc6 9. c3 h6 10. Bxf6 Bxf6 11. Re1 a6 12. a4 Rb8 13. h4 Bg4 14. Qe2 e5 15. Qe3 exd4 16. cxd4 Bg7 17. Qf4 Qd7 18. Ne4 Bf5 19. Rad1 Rbd8 20. Nc3 Bg4 21. Nd5 Bxf3 22. gxf3 Bxd4 23. Bb1 Bxb2 24. Qxh6 Bg7 25. Qg5 Ne5 26. Kg2 Rde8 27. Rh1 Re6 28. f4 Nc6 29. f5 Re5 30. h5 Ne7 31. Nxe7+ Qxe7 32. Qxe7 Rxe7 33. hxg6 Re2 34. Bd3 Rb2 35. Bc4 Rc8 36. Bxf7+ Kf8 37. Rxd6 Rcc2 38. Rf1 Rd2 39. Rxd2 Rxd2 40. Kg3 Rd4 41. Re1 Bf6 42. Re6 Kg7 43. Rb6 Re4 44. Rxb7 Kh6 45. Be6 Rxa4 46. Rh7+ Kg5 47. f4+ 1-0

[Event "BUL-chT 55th"]
[Site "Sunny Beach"]
[Date "2005.09.26"]
[Round "1.5"]
[White "Iotov, Valentin Dimitrov"]
[Black "Mogilarov, Dimitar"]
[Result "1-0"]
[WhiteElo "2447"]
[BlackElo "2189"]
[PlyCount "70"]
[EventDate "2005.09.26"]
[EventType "team-swiss"]
[EventRounds "7"]
[EventCountry "BUL"]
[SourceTitle "CBM 108 Extra"]
[Source "ChessBase"]
[SourceDate "2005.11.04"]
[SourceVersion "1"]
[SourceVersionDate "2005.11.04"]
[SourceQuality "1"]
[WhiteTeam "Burgas Lukoil-Neftohimik"]
[BlackTeam "Varna Georgi Daskalov"]
[WhiteTeamCountry "BUL"]
[BlackTeamCountry "BUL"]

1. d4 d5 2. Nf3 Nc6 3. c4 e5 4. Nc3 exd4 5. Nxd4 Nxd4 6. Qxd4 dxc4 7. Qxd8+ Kxd8 8. e4 Be6 9. f4 f6 10. Be3 c6 11. 0-0-0+ Kc7 12. f5 Bf7 13. Bf4+ Kc8 14. g4 Be7 15. Be2 Nh6 16. h4 Rd8 17. g5 Ng8 18. e5 Bd5 19. Nxd5 cxd5 20. b3 Ba3+ 21. Kb1 fxe5 22. Bxe5 Re8 23. Rxd5 Ne7 24. Ra5 Nxf5 25. Bg4 g6 26. bxc4 b6 27. Rxa3 Rxe5 28. h5 Kc7 29. Bf3 Rf8 30. Rxa7+ Kd6 31. hxg6 hxg6 32. Rd1+ Kc5 33. Rc7+ Kb4 34. Kb2 Rc5 35. a3+ Ka4 1-0

[Event "Baharov Memorial op 12th"]
[Site "Sofia"]
[Date "2004.12.20"]
[Round "6"]
[White "Mogilarov, Dimitar"]
[Black "Todorov, Mladen"]
[Result "1-0"]
[WhiteElo "2147"]
[BlackElo "2227"]
[PlyCount "82"]
[EventDate "2004.12.17"]
[EventType "swiss"]
[EventRounds "7"]
[EventCountry "BUL"]
[SourceTitle "CBM 104 Extra"]
[Source "ChessBase"]
[SourceDate "2005.03.01"]
[SourceVersion "1"]
[SourceVersionDate "2005.03.01"]
[SourceQuality "1"]

1. e4 c5 2. c3 Nf6 3. e5 Nd5 4. d4 cxd4 5. Nf3 Nc6 6. Bc4 e6 7. cxd4 d6 8. 0-0 Be7 9. Qe2 0-0 10. Nc3 Nxc3 11. bxc3 dxe5 12. dxe5 Qc7 13. Re1 b6 14. Bg5 Bb7 15. Bd3 Rfd8 16. Rad1 Rd7 17. Qe4 g6 18. Qh4 Rad8 19. Qh6 Rxd3 20. Bxe7 Qxe7 21. Rxd3 Rxd3 22. Ng5 f6 23. exf6 Qxf6 24. Qxh7+ Kf8 25. Qxb7 Qxg5 26. Qxc6 Qd5 27. Qc8+ Kf7 28. Qc7+ Qd7 29. Qf4+ Kg7 30. Qe5+ Kf7 31. h3 Rd1 32. Rxd1 Qxd1+ 33. Kh2 Qa4 34. Qc7+ Kf6 35. Qd6 Kf7 36. Qd2 a5 37. Kg3 Qc6 38. Qf4+ Kg7 39. Qd4+ Kf7 40. Kh2 a4 41. h4 b5 1-0

[Event "Baharov Memorial op 12th"]
[Site "Sofia"]
[Date "2004.12.19"]
[Round "5"]
[White "Nikolov, Sasho"]
[Black "Mogilarov, Dimitar"]
[Result "0-1"]
[WhiteElo "2421"]
[BlackElo "2147"]
[PlyCount "66"]
[EventDate "2004.12.17"]
[EventType "swiss"]
[EventRounds "7"]
[EventCountry "BUL"]
[SourceTitle "CBM 104 Extra"]
[Source "ChessBase"]
[SourceDate "2005.03.01"]
[SourceVersion "1"]
[SourceVersionDate "2005.03.01"]
[SourceQuality "1"]

1. e4 e5 2. Nf3 f5 3. Nxe5 Qf6 4. d4 d6 5. Nc4 fxe4 6. Ne3 Nc6 7. Bb5 a6 8. Bxc6+ bxc6 9. c4 Qg6 10. Qa4 Bd7 11. Qa5 Nf6 12. Qxc7 Be7 13. Nc3 0-0 14. Qa5 Ng4 15. Ncd1 Nxe3 16. Nxe3 Bg5 17. Bd2 Rab8 18. b3 c5 19. dxc5 Rxf2 20. c6 Bxe3 21. Bxe3 Qxg2 22. Bxf2 Qxh1+ 23. Kd2 Qxa1 24. cxd7 Qb2+ 25. Ke3 Qf6 26. Qd5+ Kf8 27. Qxe4 Qe7 28. Bh4 Qxd7 29. Qxh7 Re8+ 30. Kd2 Qg4 31. Bg3 Qe2+ 32. Kc3 Re3+ 33. Kb4 Qd2+ 0-1